Principles & Practice of cost accounting (Record no. 653)

MARC details
000 -LEADER
fixed length control field 00417nam a22001697a 4500
005 - DATE AND TIME OF LATEST TRANSACTION
control field 20180613162626.0
008 - FIXED-LENGTH DATA ELEMENTS--GENERAL INFORMATION
fixed length control field 160512b xxu||||| |||| 00| 0 eng d
020 ## - INTERNATIONAL STANDARD BOOK NUMBER
ISBN 81-203-2559-9
041 ## - LANGUAGE CODE
Language code of text/sound track or separate title eng
082 ## - DEWEY DECIMAL CLASSIFICATION NUMBER
Item number 1683
Classification number 657.42
100 ## - MAIN ENTRY--AUTHOR NAME
Personal name Bhattacharya Ashish K
245 ## - TITLE STATEMENT
Title Principles & Practice of cost accounting
260 ## - PUBLICATION, DISTRIBUTION, ETC. (IMPRINT)
Place of publication New Delhi
Name of publisher PHI,
300 ## - PHYSICAL DESCRIPTION
Number of Pages 1070
650 ## - SUBJECT ADDED ENTRY--TOPICAL TERM
Topical Term Management
942 ## - ADDED ENTRY ELEMENTS (KOHA)
Koha item type Books
Holdings
Lost status Damaged status Collection code Home library Current library Shelving location Date acquired Cost, normal purchase price Full call number Accession Number Koha item type
    MANAGEMENT JRU Library JRU Library SHELF -72 - L 12/05/2016 450.00 657.42 1683 Books
    MANAGEMENT JRU Library   SHELF -72 - L 12/05/2016 450.00 657.42 1684 Books
    Reference JRU Library   SHELF-28-I 12/05/2016 450.00 657.42 1685 Books
    MANAGEMENT JRU Library JRU Library SHELF-34-D 12/05/2016 450.00 657.42 1686 Books